000 03763cam a22012254i 4500
003 PE-LiUPU
005 20250813185411.0
008 150623s r 000 0 d
020 _a8433107399
035 _a(Sirsi) i9788433107398
040 _aPE-LiUPU
_bspa
_cPE-LiUPU
_erda
049 _aPRUA
082 0 4 _a375.2
_bM56
_221
245 0 0 _aManual de organización de instituciones educativas /
_ccoordinadores, Guillermo Domínguez Fernández, Jesús Mesenza López ; Joaquín Gairín Sallán .. [et al.].
264 1 _aMadrid, España :
_bEditorial Escuela Española,
_c[1996].
300 _a446 páginas :
_bilustraciones, cuadros ;
_c24 centímetros
336 _atext
_2rdacontent
337 _aunmediated
_2rdamedia
338 _avolume
_2rdacarrier
490 0 _aColección Educación al Día
504 _aBibliografía al final de cada capítulo.
505 0 _aOrganización de instituciones educativas. Naturaleza y enfoques. -Contexto legislativo y su repercusión en la organización de instituciones educativas. -Relación entre el centro educativo y el entorno. -Las estructuras organizativas. -Los procesos interactivos que configuran las redes del tejido socio-relacional de una institución. -La toma de decisiones en las organizaciones educativas. -El conflicto. Naturaleza y función en el desarrollo organizativo de los centros escolares. -El "clima". Conceptos, tipos, influencia del clima e intervención sobre el mismo. -Los estilos de dirección y sus consecuencias. -La evaluación del funcionamiento de un centro a travéz del análisis de su cultura organizativa como instrumento para la mejora y la innovación. -Investigar.
526 _aP202
526 _aP201
526 _aP163
526 _aP162
526 _aP161
526 _aP160
526 _aP148
526 _aP147
526 _aP146
526 _aP145
526 _aP144
526 _aP143
526 _aP142
526 _aP141
526 _aP140
526 _aP139
526 _aP138
526 _aP137
526 _aP136
526 _aP135
526 _aP134
526 _aP133
526 _aP129
526 _aP128
526 _aP127
526 _aP120
526 _aP119
526 _aP118
526 _aP116
526 _aP115
526 _aP114
526 _aP110
526 _aP109
526 _aP108
526 _aP104
526 _aP103
526 _aP102
526 _aP99
526 _aP98
526 _aP97
526 _aP96
526 _aP95
526 _aP93
526 _aP90
526 _aP89
526 _aP88
526 _aP83
526 _aP82
526 _aP62
526 _aP59
526 _aP58
526 _aP57
526 _aP51
526 _aP49
526 _aP48
526 _aP47
526 _aP29
526 _aP24
526 _aP20
526 _aP19
526 _aP17
526 _aP15
526 _aP14
526 _aP12
526 _aP10
526 _aP09
526 _aP08
526 _aP07
526 _aP06
526 _aP05
526 _aP04
526 _aP01
650 0 4 _aAdministración escolar.
700 1 _aDomínguez Fernández, Guillermo,
_ecoord.
700 1 _aGairín Sallán, Joaquín,
_ecoord.
700 1 _aMesanza López, Jesús,
_ecoord.
942 _2ddc
_cBOOK
949 _a375.2 M56
_wDEWEY
_c1
_i48293
_lCCODEBUL1
_mBUL
_r0
_sY
_tBOOK
_u2015-6-24
_xEDUCACION
_zUNKNOWN
_0COMPRA
_o.STAFF. Colección General
994 _aC0
_bPEPRU
596 _a1
999 _a375.2 M56
_wDEWEY
_c26063
_i48293
_f2021-11-8
_g5
_lCCODEBUL1
_mBUL
_r0
_sN
_tBOOK
_u2015-6-24
_xEDUCACION
_zUNKNOWN
_0COMPRA
_o.STAFF. Colección General
_d26063
980 _81
_gALBERTO SANCHEZ Responsable de Automatización